Soil physics, application under stress environments : (Record no. 332460)

000 -LEADER
fixed length control field 00981nam a22002177a 4500
001 - CONTROL NUMBER
control field 2029039
003 - CONTROL NUMBER IDENTIFIER
control field NUST
005 - DATE AND TIME OF LATEST TRANSACTION
control field 20171206121127.0
008 - FIXED-LENGTH DATA ELEMENTS--GENERAL INFORMATION
fixed length control field 910522s1990 pk a 000 0 eng
010 ## - LIBRARY OF CONGRESS CONTROL NUMBER
LC control number 91930189
020 ## - INTERNATIONAL STANDARD BOOK NUMBER
International Standard Book Number 9694090725
040 ## - CATALOGING SOURCE
Original cataloging agency DLC
Transcribing agency DLC
050 00 - LIBRARY OF CONGRESS CALL NUMBER
Classification number MLCM 95/12660 (S)
082 ## - DEWEY DECIMAL CLASSIFICATION NUMBER
Classification number 631.435491 SOI
111 2# - MAIN ENTRY--MEETING NAME
Meeting name or jurisdiction name as entry element International Symposium on Applied Soil Physics in Stress Environments
Date of meeting (1989 :
Location of meeting Islāmābād, Pakistan)
9 (RLIN) 7014
245 00 - TITLE STATEMENT
Title Soil physics, application under stress environments :
Remainder of title proceedings of the International Symposium on Applied Soil Physics in Stress Environments, 22-26 January 1989, Islamabad, Pakistan /
Statement of responsibility, etc. editors, Mumtaz Ahmad ... [et al.].
260 ## - PUBLICATION, DISTRIBUTION, ETC.
Place of publication, distribution, etc. Islamabad :
Name of publisher, distributor, etc. Barani Agricultural Research and Development Project :
-- Pakistan Agricultural Research Council,
Date of publication, distribution, etc. 1990.
300 ## - PHYSICAL DESCRIPTION
Extent ix, 467 p. :
Other physical details ill. ;
Dimensions 25 cm.
500 ## - GENERAL NOTE
General note P.B
906 ## - LOCAL DATA ELEMENT F, LDF (RLIN)
a 7
b cbc
c orignew
d 4
e ncip
f 19
g y-gencatlg
942 ## - ADDED ENTRY ELEMENTS (KOHA)
Source of classification or shelving scheme
Koha item type Book
Call number prefix IESE
Holdings
Withdrawn status Lost status Source of classification or shelving scheme Damaged status Not for loan Collection code Permanent Location Current Location Shelving location Date acquired Total Checkouts Full call number Barcode Date last seen Price effective from Koha item type
            Institute of Environmental Science and Engineering (IESE) Institute of Environmental Science and Engineering (IESE) General Stacks 12/06/2017   631.435491 SOI IESE-25 12/06/2017 12/06/2017 Book
© 2023 Central Library, National University of Sciences and Technology. All Rights Reserved.